Bulgaria : an economic assessment
Αποθηκεύτηκε σε:
| Συλλογικό Έργο: | , |
|---|---|
| Μορφή: | Βιβλίο |
| Γλώσσα: | English |
| Δημοσίευση: |
Paris :
Organization for economic co-operation and development, Centre for co-operation with the european economies in transition,
1992
|
| Θέματα: | |
| Ετικέτες: |
Προσθήκη ετικέτας
Δεν υπάρχουν, Καταχωρήστε ετικέτα πρώτοι!
|
MARC
| LEADER | 00000nam a2200000 i 4500 | ||
|---|---|---|---|
| 001 | 1/65248 | ||
| 008 | 990111s1992 eng d | ||
| 020 | |a 92-64-13753-X | ||
| 035 | |l 10047102 | ||
| 040 | |a GR-MY-UA |b gre |e aacr | ||
| 041 | 0 | |a eng | |
| 082 | 0 | |a 330.9497703 | |
| 110 | 2 | |a Organisation for Economic Co-operation and Development. | |
| 245 | 1 | 0 | |a Bulgaria : |b an economic assessment / |c Centre for Co-operation with the European Economies in transition |
| 260 | |a Paris : |b Organization for economic co-operation and development, |b Centre for co-operation with the european economies in transition, |c 1992 | ||
| 300 | |a 101 p. | ||
| 500 | |a Published in French under title: La Bulgarie -- evaluation de la situation economique | ||
| 504 | |a Includes bibliographical references | ||
| 651 | 0 | |a Bulgaria |x Economic conditions |y 1989- | |
| 651 | 0 | |a Bulgaria |x Economic policy |y 1989- | |
| 710 | 2 | |a Centre for Co-operation with European Economies in Transition. | |
| 852 | |a INST |b LESVOS |e 19990111 |h 330.9497703 BUL |p 005100018596 |q 005100018596 |t BK |y 0 | ||
| 901 | |a BIBL-1998-3 | ||
| 909 | |a Λ |b 059591 | ||
| 922 | |a 1ΕΛΗ |b 199809 |c ΚΠΣ/ΤΚΑ |d ΠΑΠΑΣΩΤΗΡΙΟΥ | ||
| 950 | |a 117-1998-07-08 | ||